00625nam a22002057a 45000050016000000100026000160200026000420350013000680350013000810370013000940370022001070820010001292450093001392600031002322700067002633000027003305000019003577000027003767000016004032010073102452.0 aENG-97452 B-423809 a9780415553780c895.00 aEN-80985 aB-423809 bDBAD/PUB bAllied Publishers a203.8 aRitual matters :bdynamic dimensions in practice /cby Christiane Brosius and Ute Husken aNew DelhibRoutledgec2010 a912-915 Tolstoy House, 15-17 Tolstoy Marg,bNew Delhie110 001 avii, 403p.c22 cm (Hb) aIncludes index aBrosius, Christiane  aHusken, Ute